banner-ar

RED SEA: DIVING GUIDE / (Record no. 13262)

MARC details
000 -الفاتح
حقل البيانات ثابتة الطول 00520nam a2200205Ia 4500
008 - عناصر البيانات ثابتة الطول - معلومات عامة
حقل البيانات ثابتة الطول 140319s9999 xx 000 0 eng d
040 ## - مصدر الفهرسة
وكالة الفهرسة الأصلية GCL /
وكالة النسخ GCL
082 04 - رقم تصنيف ديوى العشرى
رقم التصنيف 551.46733
رقم المادة G R
100 1# - المدخل الرئيسى - إسم شخصى
الإسم الشخصى GHISOTTI, ANDREA
245 10 - بيان العنوان
العنوان RED SEA: DIVING GUIDE /
بيان المسئوليه,etc GHISOTTI, ANDREA
700 1# - المدخل الاضافى - اسم شخصى
الإسم الشخصى CORLETTI, ALESSANDRO
260 ## - PUBLICATION, DISTRIBUTION, ETC. (IMPRINT)
تاريخ النشر أو التوزيع 1995
300 ## - الوصف المادى
التعداد 168 P
650 04 - المدخل الاضافى بالموضوع-مصطلح موضوعى
مصطلح موضوعي FISHES
650 04 - المدخل الاضافى بالموضوع-مصطلح موضوعى
مصطلح موضوعي RED SEA
650 04 - المدخل الاضافى بالموضوع-مصطلح موضوعى
مصطلح موضوعي DIVING
650 04 - المدخل الاضافى بالموضوع-مصطلح موضوعى
مصطلح موضوعي CORALS
942 ## - عناصر المدخل الإضافي( كوها)
مصدر التصنيف او مخطط الترفيف Dewey Decimal Classification
Koha [default] item type كتاب
260 ## - PUBLICATION, DISTRIBUTION, ETC. (IMPRINT)
-- [S.N] :
-- A. A. GODDIS AND SONS PUBLISHERS ،
Holdings
حالة التراجع حالة الفقد حالة تلف ليس للاعارة المكان المؤقت الموقع الحالى تاريخ الاكتساب اجمالي اﻻعارات رقم الطلب الباركود تاريخ اخر مشاهدة تاريخ تفعيل السعر نوع وعاء كوها
        مكتبة القاهرة الكبرى مكتبة القاهرة الكبرى 03/26/2014   551.46733\G R 25481 03/26/2014 03/26/2014 كتاب
        مكتبة القاهرة الكبرى مكتبة القاهرة الكبرى 03/26/2014   551.46733\G R 25482 03/26/2014 03/26/2014 كتاب

Powered By

EGPV